| 000 | 00364nam a2200157Ia 4500 | ||
|---|---|---|---|
| 008 | 221030s9999 xx 000 0 und d | ||
| 020 | _a1569571007 | ||
| 041 | _aEnglish | ||
| 082 |
_a105.23 _bTzu |
||
| 100 | _aS. Tzu | ||
| 245 | 4 |
_aThe Art of War _cby S. Tzu |
|
| 260 |
_bShambhala South Asia _aBoston _c1999 |
||
| 300 | _a172 | ||
| 650 | _aGeneral | ||
| 942 | _cBK | ||
| 999 |
_c8540 _d8540 |
||